[Event "Perth op"]
[Site "Perth"]
[Date "2023.01.06"]
[Round "7"]
[White "Pimenov, Alex"]
[Black "Rafiei Darani, Daryoush"]
[Result "0-1"]
[WhiteElo "1800"]
[BlackElo "1504"]
[PlyCount "58"]
[EventDate "2023.01.02"]
[EventType "swiss"]
[EventRounds "11"]
[EventCountry "AUS"]
[SourceTitle "CBM 212 Extra"]
[Source "ChessBase"]
[SourceDate "2023.03.31"]
[SourceVersion "1"]
[SourceVersionDate "2023.03.31"]
[SourceQuality "1"]

1. d4 Nf6 2. c4 g6 3. Nc3 Bg7 4. e4 d6 5. f3 0-0 6. Be3 c5 7. d5 a6 8. Bd3 e6 9. Qd2 exd5 10. exd5 Nbd7 11. Nge2 Ne5 12. Ng3 Re8 13. 0-0 Nfd7 14. Nge4 Nxd3 15. Qxd3 f5 16. Nd2 Rxe3 17. Qc2 Bd4 18. Kh1 Qe7 19. Nd1 Re1 20. Nc3 Rxa1 21. Rxa1 Nb6 22. f4 Bd7 23. Nf3 Re8 24. b3 Qf6 25. Nxd4 Qxd4 26. g3 Re3 27. Rc1 Nc8 28. Kg2 Rd3 29. Kf1 Rd2 0-1